Bohatý športový jún

Bibliographic Details
Format: Article
Language:Slovak
PhysicalDescription:Fotogr.
ISSN:1210-2423
Subjects:

MARC

LEADER 00000nab a2200000 ar4500
001 vtls010488789
003 SK-MaSNL
005 20260305032721.0
008 130207c2012 xo wr|p|||||||000 b|slo
038 |a PPPK 
040 |a PPPKCL  |b slo  |c PPPKCL  |e AACR2 
041 0 |a slo 
044 |a xo  |c SK 
080 |a 379.8  |2 2001 
245 0 0 |a Bohatý športový jún  |c [text a foto] (mno) 
300 |b Fotogr. 
610 2 7 |a Centrum voľného času (Spišská Stará Ves, Slovensko)  |2 pppkcl  |9 1022201 
650 0 7 |a centrum voľného času  |2 pppkcl  |9 71497 
650 0 7 |a športové podujatia  |2 pppkcl  |9 346711 
651 7 |a Spišská Stará Ves (Slovensko)  |2 pppkcl  |9 54503 
651 7 |a Kežmarok (Slovensko : okres)  |2 pppkcl  |9 51824 
773 0 |t Podtatranské noviny  |g Roč. LIII, č. 27 (2012), s. 7  |x 1210-2423 
852 |a PPPK  |b KIS3GCP 
999 |c 3321313  |d 3323243